000
00212 a2200097 4500
001
6551
100
_a
Angus, R.B
245
_a
Electrical engineering fundamentals
260
_a
_b
Addison
_c
090
_c
5406
_d
5406
942
_a
NUST-CAE
_c
M
_c
31830
999
_c
241624
_d
241624